000 00597nam a22002297i 4500
005 20260125112715.0
008 250906s ii ||||cr|||| 00| j eng d
020 _a9789389504064
040 _aJO-AmGAM
_erda
082 1 4 _aF
_bR A C
245 0 4 _aTHE RACING CHAMPION /
264 3 1 _aDELHI :
_bMANOJ PUBLICATIONS،
_c[20--].
300 _a16 page.
336 _2rdacontent
_aنص
_btxt
337 _2rdamedia
_aدون وسيط عرض
_bn
338 _2rdacarrier
_aمجلد
_bnc
490 1 _aSawan.
650 1 7 _aFiction.
830 0 _aSawan.
942 _2ddc
_cBK
999 _c247845
_d247845